| 000 | 00362 a2200157 4500 | ||
|---|---|---|---|
| 001 | 60059 | ||
| 020 | _a9783060204762 | ||
| 040 | _cAnchieta - Pituba | ||
| 100 | _aScmidt, Sabine | ||
| 240 | 1 | 0 |
_aErinnerungsorte _lpor |
| 245 | 1 | 0 | _aErinnerungsorte |
| 300 | _a96 | ||
| 362 | 0 | _a2009 | |
| 650 | 4 | _aLínguas germânicas (teutônicas) língua alemã | |
| 942 | _cBK | ||
| 999 |
_c60059 _d60059 |
||